|
|
|
|
| LEADER |
01313nam a2200289 a 4500 |
| 001 |
3951 |
| 003 |
BD-DhAAL |
| 005 |
20150420122315.0 |
| 008 |
150420s1993 cau b 001 0 eng |
| 010 |
|
|
|a 92029937
|
| 020 |
|
|
|a 1555425046
|
| 040 |
|
|
|a DLC
|c DLC
|d DLC
|d BD-DhAAL
|
| 050 |
0 |
0 |
|a LB1715
|b .S24 1993
|
| 082 |
0 |
0 |
|a 370.71/0973
|2 20
|
| 100 |
1 |
|
|a Sarason, Seymour Bernard,
|d 1919-2010.
|9 10590
|
| 245 |
1 |
4 |
|a The case for change :
|b rethinking the preparation of educators /
|c Seymour B. Sarason.
|
| 260 |
|
|
|a San Francisco :
|b Jossey-Bass,
|c [1993]
|
| 300 |
|
|
|a xv, 289 p. ;
|c 24 cm.
|
| 440 |
|
0 |
|a Jossey-Bass higher and adult education series
|9 10591
|
| 504 |
|
|
|a Includes bibliographical references (p. 283-286) and index.
|
| 541 |
|
|
|e 3951
|
| 650 |
|
0 |
|a Teachers
|x Training of
|z United States.
|9 10592
|
| 942 |
|
|
|2 ddc
|c BK
|
| 999 |
|
|
|c 34283
|d 34283
|
| 952 |
|
|
|0 0
|1 0
|2 ddc
|4 0
|6 370_710973000000000_SAR
|7 0
|9 53523
|a SCL
|b SCL
|c GEN
|d 2015-04-20
|l 0
|o 370.710973 SAR
|p 3020003951
|r 2015-04-20
|t 1
|w 2015-04-20
|y BK
|
| 952 |
|
|
|0 0
|1 0
|2 ddc
|4 0
|6 370_710973000000000_SAR
|7 0
|9 53524
|a SCL
|b SCL
|c GEN
|d 2015-04-20
|l 0
|o 370.710973 SAR
|p 3020003950
|r 2015-04-20
|t 2
|w 2015-04-20
|y BK
|
| 952 |
|
|
|0 0
|1 0
|2 ddc
|4 0
|6 370_710973000000000_SAR
|7 0
|9 54178
|a SCL
|b SCL
|c GEN
|d 2015-06-09
|l 1
|o 370.710973 SAR
|p 3020005570
|r 2022-06-16
|s 2022-06-16
|t 3
|w 2015-06-09
|y BK
|